000 00254nam a22000977a 4500
999 _c516882
_d516882
082 _aTNC
100 _aBryson, Bill
_923661
245 _aA short history of nearly everything
_cby Bill Bryson
260 _aNew Delhi
_bBroadway Books
_c2003
300 _a544p.